|
|
|
|
| LEADER |
00000cam a2200000 7i4500 |
| 001 |
0000008879 |
| 002 |
000009678 |
| 005 |
20000330.0 |
| 020 |
|
|
|a 9838380717
|
| 090 |
0 |
0 |
|a 297.61
|b ABD
|
| 100 |
0 |
|
|a Abdullah bin As'ad Ali
|
| 245 |
1 |
0 |
|a Kisah wali-wali Allah
|c Abdullah Bin Asad Ali
|
| 260 |
|
|
|a Kuala Lumpur :
|b Syarikat Nurulhas ,
|c 19--?
|
| 300 |
|
|
|a 216p. ;
|c 19cm.
|
| 650 |
0 |
0 |
|a God (Islam)
|
| 650 |
0 |
0 |
|a Islamic stories
|
| 999 |
|
|
|a 043942
|b BUKU
|c PINJAMAN
|e PERPUSTAKAAN KOMUNITI PETALING JAYA
|
| 999 |
|
|
|a 043943
|b BUKU
|c PINJAMAN
|e PERPUSTAKAAN KOMUNITI PETALING JAYA
|
| 999 |
|
|
|a 046333
|b BUKU
|c PINJAMAN
|e PERPUSTAKAAN KOMUNITI CAW KOTA DAMANSARA
|